Computer Networks (Record no. 87)

MARC details
000 -LEADER
fixed length control field 00411nam a22001697a 4500
005 - DATE AND TIME OF LATEST TRANSACTION
control field 20180201163154.0
008 - FIXED-LENGTH DATA ELEMENTS--GENERAL INFORMATION
fixed length control field 160427b xxu||||| |||| 00| 0 eng d
020 ## - INTERNATIONAL STANDARD BOOK NUMBER
ISBN 978-81-7758-165-2
041 ## - LANGUAGE CODE
Language code of text/sound track or separate title eng
082 ## - DEWEY DECIMAL CLASSIFICATION NUMBER
Item number 00256
Classification number 004.6
100 ## - MAIN ENTRY--AUTHOR NAME
Personal name Tanenbaum, Andrew S.
245 ## - TITLE STATEMENT
Title Computer Networks
250 ## - EDITION STATEMENT
Edition statement 4th ed.
260 ## - PUBLICATION, DISTRIBUTION, ETC. (IMPRINT)
Place of publication New Delhi
Name of publisher Pearson: Prantice Hall,
Year of publication 2009
300 ## - PHYSICAL DESCRIPTION
Number of Pages 891
942 ## - ADDED ENTRY ELEMENTS (KOHA)
Koha item type Books
Holdings
Lost status Damaged status Collection code Home library Current library Shelving location Date acquired Cost, normal purchase price Full call number Accession Number Koha item type
    CS/IT JRU Library JRU Library SHELF-49-G 27/04/2016 375.00 004.6 00256 Books
    CS/IT JRU Library JRU Library SHELF-49-G 27/04/2016 375.00 004.6 00257 Books
    CS/IT JRU Library JRU Library SHELF-49-G 27/04/2016 375.00 004.6 00258 Books
    CS/IT JRU Library   SHELF-49-G 27/04/2016 375.00 004.6 00259 Books
    CS/IT JRU Library JRU Library SHELF-49-G 27/04/2016 375.00 004.6 00260 Books
      JRU Library   SHELF-2-F 27/04/2016 375.00 00256 00261 Books